|
|
|
|
| LEADER |
01062nab#a2200289#ar4500 |
| 001 |
000075713 |
| 003 |
SVKKK |
| 005 |
20050704xxxxxxx. |
| 008 |
06 c xo huno |
| FMT |
|
|
|
| 038 |
|
|
|a SVKKK
|
| 040 |
|
|
|a SVKKK
|b slo
|e AACR2
|
| 041 |
0 |
|
|a hun
|
| 044 |
|
|
|a xo
|c SK
|
| 080 |
|
|
|a 614
|
| 242 |
1 |
0 |
|a Päťdesiat tri obcí bez lekára
|
| 245 |
0 |
0 |
|a Ötvenhárom község orvos nélkül
|
| 520 |
2 |
|
|a Pretože lekára medzilaboreckého okresu Dr. Žigmunda Kleina stihla nehoda a nemôže vykonávať službu. 53 obcí tohto obvodu je bez lekárskej pomoci, čo je súdobo s nástupom epidémie vážna situácia. Poznámka, že doteraz žiadna vláda sa nestarala o verejné zdravotníctvo.
|
| 650 |
0 |
4 |
|a obvod zdravotný, Medzilaborce - Klein, Žsigmund (lekár okresný)) (úraz) - lekárska služba nulová - december 1908 - správy
|
| 773 |
0 |
|
|t Felvidéki Ujság
|g Roč. 4, č. 282 (11.12.1909) s. 4
|
| 957 |
|
|
|a Medzilaborce
|
| 958 |
|
|
|a DG
|
| 958 |
|
|
|a SK
|
| 974 |
|
|
|a Ba
|d 20050704
|
| 992 |
|
|
|a RBX
|
| BAS |
|
|
|
| 998 |
|
|
|a RETRO
|